[Event "PRO League KO Stage 2019"]
[Site "chess.com INT"]
[Date "2019.03.23"]
[Round "1"]
[White "Martirosyan, Haik M."]
[Black "Parnali, S Dharia"]
[Result "1-0"]
[WhiteTitle "GM"]
[BlackTitle "WIM"]
[WhiteElo "2616"]
[BlackElo "2123"]
[WhiteTeam "Armenia Eagles"]
[BlackTeam "Mumbai Movers"]
[WhiteFideId "13306553"]
[BlackFideId "5043131"]
[EventDate "2019.03.19"]

1. d4 d5 2. c4 e6 3. Nf3 Nf6 4. g3 Be7 5. Bg2 O-O 6. O-O dxc4 7. Qc2 a6 8. a4 c5
9. dxc5 Bxc5 10. Na3 Nc6 11. Nxc4 Qe7 12. Nce5 Nb4 13. Qb3 Bd7 14. Nxd7 Nxd7 15.
Bg5 f6 16. Bd2 a5 17. Bc3 Kh8 18. Nd2 Nb6 19. Rac1 Rac8 20. Ne4 N6d5 21. Nxc5
Rxc5 22. Bxb4 axb4 23. e4 Rxc1 24. Rxc1 Nc7 25. e5 Nd5 26. Bxd5 exd5 27. Qxd5
fxe5 28. Re1 h6 29. Qxe5 Qf7 30. Qc5 Qf6 31. Re2 Qf3 32. Qxb4 Rc8 33. Qe1 Kh7
34. Re3 Qf5 35. Re5 Qd7 36. Qe4+ Kh8 37. Re7 Qh3 38. Re8+ Rxe8 39. Qxe8+ Kh7 40.
Qe4+ Kg8 41. Qxb7 Qg4 42. a5 h5 43. h4 g5 44. a6 gxh4 45. a7 Qd1+ 46. Kg2 h3+
47. Kh2 1-0

[Event "PRO League KO Stage 2019"]
[Site "chess.com INT"]
[Date "2019.03.23"]
[Round "1"]
[White "Vidit, Santosh Gujrathi"]
[Black "Sargsyan, Shant"]
[Result "1/2-1/2"]
[WhiteTitle "GM"]
[BlackTitle "IM"]
[WhiteElo "2711"]
[BlackElo "2488"]
[WhiteTeam "Mumbai Movers"]
[BlackTeam "Armenia Eagles"]
[WhiteFideId "5029465"]
[BlackFideId "13306766"]
[EventDate "2019.03.19"]

1. d4 Nf6 2. c4 e6 3. g3 d5 4. Bg2 Bb4+ 5. Nd2 O-O 6. Nf3 b6 7. O-O Bb7 8. Ne5
Nc6 9. Nxc6 Bxc6 10. Qc2 Bb7 11. cxd5 exd5 12. Rd1 Re8 13. Nf3 Bd6 14. Bf4 Bxf4
15. gxf4 c5 16. e3 Rc8 17. Qa4 a5 18. Ne5 c4 19. Rdc1 Ba6 20. b4 Qd6 21. Rab1 b5
22. Qxa5 Ra8 23. Qa3 Ne4 24. f3 Nf6 25. Qc3 Bc8 26. Ra1 Nd7 27. e4 Nb6 28. f5 f6
29. Ng4 Qf4 30. Nf2 Na4 31. Nh3 Qh6 32. Qc2 Bb7 33. Re1 Rad8 34. Rad1 Qh4 35.
Re3 Qh6 36. Qe2 dxe4 37. fxe4 Nb2 38. Re1 Nd3 39. Rxd3 cxd3 40. Qxd3 Qh4 41. Nf2
Bd5 42. Qxb5 Bxa2 43. Ra1 Bf7 44. d5 Rb8 45. Qc5 Qf4 46. Qd4 Red8 47. Rd1 Bh5
48. Rf1 Qd6 49. Rb1 Qb6 50. Qxb6 Rxb6 51. Bf1 Rdb8 52. Nd3 Be8 53. Re1 Bb5 54.
Nc5 Bxf1 55. Kxf1 Rc8 56. Rd1 Rxb4 57. d6 Rxc5 58. d7 Rb8 59. d8=Q+ Rxd8 60.
Rxd8+ Kf7 61. Rd7+ Kf8 62. Rd8+ Kf7 63. Rd7+ Kf8 1/2-1/2

[Event "PRO League KO Stage 2019"]
[Site "chess.com INT"]
[Date "2019.03.23"]
[Round "1"]
[White "Adhiban, Baskaran"]
[Black "Sargsyan, Anna M."]
[Result "0-1"]
[WhiteTitle "GM"]
[BlackTitle "WFM"]
[WhiteElo "2683"]
[BlackElo "2340"]
[WhiteTeam "Mumbai Movers"]
[BlackTeam "Armenia Eagles"]
[WhiteFideId "5018471"]
[BlackFideId "13308130"]
[EventDate "2019.03.19"]

1. e4 c6 2. d4 d5 3. exd5 cxd5 4. c4 Nf6 5. Nc3 Nc6 6. Nf3 Bg4 7. cxd5 Nxd5 8.
Qb3 Bxf3 9. gxf3 Nb6 10. d5 Nd4 11. Qd1 e5 12. dxe6 fxe6 13. Be3 Bc5 14. b4 O-O
15. bxc5 Nxf3+ 16. Ke2 Qf6 17. cxb6 Qxc3 18. Rc1 Qb2+ 19. Qc2 Qb5+ 20. Qc4 Qh5
21. Qc5 Ne5+ 22. Ke1 axb6 23. Qb5 Rxa2 24. Be2 Nf3+ 0-1

[Event "PRO League KO Stage 2019"]
[Site "chess.com INT"]
[Date "2019.03.23"]
[Round "1"]
[White "Andriasian, Zaven"]
[Black "Adhiban, Baskaran"]
[Result "0-1"]
[WhiteTitle "GM"]
[BlackTitle "GM"]
[WhiteElo "2600"]
[BlackElo "2683"]
[WhiteTeam "Armenia Eagles"]
[BlackTeam "Mumbai Movers"]
[WhiteFideId "13302000"]
[BlackFideId "5018471"]
[EventDate "2019.03.19"]

1. e4 d5 2. exd5 Nf6 3. d4 Bg4 4. Be2 Bxe2 5. Qxe2 Qxd5 6. Nf3 e6 7. O-O Nc6 8.
Be3 O-O-O 9. c4 Qf5 10. Nc3 Bd6 11. Rad1 Rhe8 12. Rfe1 Bb4 13. a3 Bxc3 14. bxc3
Qa5 15. Qb2 Qa6 16. Rb1 Na5 17. Ne5 Nxc4 18. Nxc4 Qxc4 19. Qxb7+ Kd7 20. Qf3 Qc6
21. d5 exd5 22. Bxa7 Re4 23. Bd4 Qe6 24. Rxe4 Nxe4 25. Rd1 c5 26. Bxg7 Rg8 27.
Bh6 Kc6 28. Bf4 Qg4 29. Qxg4 Rxg4 30. Be5 Rg5 31. Bh8 f6 32. f3 Nxc3 33. Bxf6
Rxg2+ 34. Kxg2 Nxd1 35. Kf1 d4 36. f4 Ne3+ 37. Ke2 Nf5 38. a4 c4 39. Bd8 Kc5 40.
a5 Kb5 41. Bb6 h5 42. Kd2 h4 43. h3 Ka6 44. Bd8 Nd6 45. Bb6 Ne4+ 46. Kc1 d3 47.
f5 Kb5 48. Kd1 c3 49. Kc1 Kc4 50. Be3 Kb3 51. Kd1 d2 52. Bxd2 cxd2 53. a6 Kc3
54. Ke2 Kc2 55. a7 d1=Q+ 56. Ke3 Qg1+ 57. Kxe4 Qxa7 58. Ke5 Qe7+ 0-1

[Event "PRO League KO Stage 2019"]
[Site "chess.com INT"]
[Date "2019.03.23"]
[Round "1"]
[White "Puranik, Abhimanyu"]
[Black "Sargsyan, Anna M."]
[Result "0-1"]
[WhiteTitle "GM"]
[BlackTitle "WFM"]
[WhiteElo "2542"]
[BlackElo "2340"]
[WhiteTeam "Mumbai Movers"]
[BlackTeam "Armenia Eagles"]
[WhiteFideId "5061245"]
[BlackFideId "13308130"]
[EventDate "2019.03.19"]

1. e4 c6 2. Nf3 d5 3. Nc3 Bg4 4. h3 Bxf3 5. Qxf3 Nf6 6. Be2 e6 7. O-O Nbd7 8. d4
dxe4 9. Nxe4 Nxe4 10. Qxe4 Bd6 11. c3 h6 12. Rd1 O-O 13. Bd3 Nf6 14. Qf3 Bc7 15.
Be3 Qd5 16. Qe2 Qh5 17. Qxh5 Nxh5 18. g3 Nf6 19. a4 a5 20. Kg2 Rfd8 21. Be2 Bd6
22. Bf3 Nd5 23. Bd2 Rd7 24. Rac1 Nf6 25. h4 Rad8 26. c4 Bc7 27. Bc3 Bb6 28. Rc2
Bxd4 29. Bxa5 b6 30. Rxd4 Rxd4 31. Bxb6 Rd2 32. Rxd2 Rxd2 33. Bxc6 Rd6 34. Bb5
Rxb6 35. a5 Rb8 36. b4 Kf8 37. Bc6 Ne8 38. b5 Nc7 39. a6 Rb6 40. a7 Rxc6 41. c5
Na8 42. bxc6 Ke7 43. Kf3 Kd8 44. Ke4 Kc7 45. h5 Kxc6 46. Kd4 Kb7 47. Ke5 Kc6 48.
f4 Kxc5 49. g4 Nc7 50. g5 Kb6 51. gxh6 gxh6 52. Kf6 Kxa7 53. Kxf7 Kb6 54. Kg7
Nd5 55. Kxh6 Nxf4 0-1

[Event "PRO League KO Stage 2019"]
[Site "chess.com INT"]
[Date "2019.03.23"]
[Round "1"]
[White "Martirosyan, Haik M."]
[Black "Vidit, Santosh Gujrathi"]
[Result "1-0"]
[WhiteTitle "GM"]
[BlackTitle "GM"]
[WhiteElo "2616"]
[BlackElo "2711"]
[WhiteTeam "Armenia Eagles"]
[BlackTeam "Mumbai Movers"]
[WhiteFideId "13306553"]
[BlackFideId "5029465"]
[EventDate "2019.03.19"]

1. d4 Nf6 2. Nf3 d5 3. c4 e6 4. g3 dxc4 5. Bg2 c5 6. O-O Nc6 7. dxc5 Qxd1 8.
Rxd1 Bxc5 9. Nbd2 c3 10. bxc3 O-O 11. Nb3 Be7 12. Rb1 Bd7 13. Nfd4 Rac8 14. Nxc6
Bxc6 15. Bxc6 bxc6 16. c4 Ne4 17. Rd7 Rfe8 18. Bb2 Rb8 19. Rbd1 Nc5 20. Rxe7
Rxe7 21. Nxc5 h5 22. Be5 Rb4 23. Rd8+ Kh7 24. Bd6 1-0

[Event "PRO League KO Stage 2019"]
[Site "chess.com INT"]
[Date "2019.03.23"]
[Round "1"]
[White "Parnali, S Dharia"]
[Black "Sargsyan, Shant"]
[Result "1-0"]
[WhiteTitle "WIM"]
[BlackTitle "IM"]
[WhiteElo "2123"]
[BlackElo "2488"]
[WhiteTeam "Mumbai Movers"]
[BlackTeam "Armenia Eagles"]
[WhiteFideId "5043131"]
[BlackFideId "13306766"]
[EventDate "2019.03.19"]

1. d4 Nf6 2. c4 e6 3. g3 c5 4. d5 exd5 5. cxd5 d6 6. Nc3 g6 7. Bg2 Bg7 8. Nf3
O-O 9. O-O a6 10. a4 Re8 11. Bf4 Nh5 12. Bg5 Qc7 13. Rc1 h6 14. Bd2 Nd7 15. Re1
Rb8 16. e4 b5 17. axb5 axb5 18. b4 c4 19. h3 Ne5 20. Nxe5 dxe5 21. Be3 Bf8 22.
Rb1 Kh7 23. Qd2 Bd7 24. Red1 Bd6 25. Bxh6 Rh8 26. Bg5 Kg7 27. Qb2 Nf6 28. g4 Nh7
29. Be3 f6 30. Ra1 Ng5 31. Ra7 Rb7 32. Rda1 Nxh3+ 33. Bxh3 Rxh3 34. Nxb5 Bxb5
35. Rxb7 Qxb7 36. Ra7 Qxa7 37. Bxa7 c3 38. Qc2 Bd7 39. Bc5 Bxg4 40. Kg2 Bb8 41.
d6 g5 42. b5 Bd7 43. b6 g4 44. Qb3 Bc6 45. Qc4 f5 46. d7 Bxd7 47. Qd5 Bc8 48. b7
c2 49. bxc8=Q 1-0

[Event "PRO League KO Stage 2019"]
[Site "chess.com INT"]
[Date "2019.03.23"]
[Round "1"]
[White "Vidit, Santosh Gujrathi"]
[Black "Andriasian, Zaven"]
[Result "0-1"]
[WhiteTitle "GM"]
[BlackTitle "GM"]
[WhiteElo "2711"]
[BlackElo "2600"]
[WhiteTeam "Mumbai Movers"]
[BlackTeam "Armenia Eagles"]
[WhiteFideId "5029465"]
[BlackFideId "13302000"]
[EventDate "2019.03.19"]

1. e4 c5 2. Nf3 d6 3. Bb5+ Nc6 4. O-O Bd7 5. Re1 Nf6 6. c3 a6 7. Bf1 Bg4 8. h3
Bxf3 9. Qxf3 e6 10. d3 Be7 11. Qd1 d5 12. Nd2 O-O 13. g3 b5 14. Bg2 Qc7 15. exd5
Nxd5 16. Ne4 Rad8 17. h4 h6 18. Qh5 f5 19. Nd2 Qd7 20. Nb3 Bd6 21. Bxh6 Ne5 22.
Nxc5 Bxc5 23. Rxe5 Bxf2+ 24. Kxf2 Nf6 25. Qe2 Ng4+ 26. Kg1 Nxe5 27. Qxe5 gxh6
28. Re1 Qd6 29. d4 Qxe5 30. Rxe5 Kf7 31. a3 Kf6 32. Kf2 Rg8 33. Bb7 Rd6 34. Rc5
Rb6 35. Bf3 a5 36. b4 axb4 37. axb4 Ra6 38. Rxb5 Ra2+ 39. Be2 Rc2 40. Rc5 Rg4
41. Kf3 Rc1 42. b5 Rg1 43. Kf2 R4xg3 44. Bf3 f4 45. Re5 Rb1 46. Re4 Rb2+ 47. Be2
Rg4 48. c4 Rxh4 49. c5 Rh2+ 50. Kf1 Rb1+ 0-1

[Event "PRO League KO Stage 2019"]
[Site "chess.com INT"]
[Date "2019.03.23"]
[Round "1"]
[White "Sargsyan, Shant"]
[Black "Puranik, Abhimanyu"]
[Result "0-1"]
[WhiteTitle "IM"]
[BlackTitle "GM"]
[WhiteElo "2488"]
[BlackElo "2542"]
[WhiteTeam "Armenia Eagles"]
[BlackTeam "Mumbai Movers"]
[WhiteFideId "13306766"]
[BlackFideId "5061245"]
[EventDate "2019.03.19"]

1. Nf3 Nf6 2. c4 c5 3. Nc3 Nc6 4. d4 cxd4 5. Nxd4 g6 6. g3 Bg7 7. Bg2 O-O 8. O-O
Nxd4 9. Qxd4 d6 10. Qd3 Bf5 11. e4 Be6 12. b3 a6 13. Bb2 Rb8 14. a4 Nd7 15. Qc2
Nc5 16. Rab1 Qb6 17. Ba1 Rfc8 18. Rfd1 Qd8 19. Qe2 Nxb3 20. Rxb3 Bxc4 21. Qc2
Bxb3 22. Qxb3 b5 23. axb5 axb5 24. Nxb5 Qa5 25. Bxg7 Rxb5 26. Qxb5 Qxb5 27. Bh6
Qh5 0-1

[Event "PRO League KO Stage 2019"]
[Site "chess.com INT"]
[Date "2019.03.23"]
[Round "1"]
[White "Sargsyan, Anna M."]
[Black "Parnali, S Dharia"]
[Result "0-1"]
[WhiteTitle "WFM"]
[BlackTitle "WIM"]
[WhiteElo "2340"]
[BlackElo "2123"]
[WhiteTeam "Armenia Eagles"]
[BlackTeam "Mumbai Movers"]
[WhiteFideId "13308130"]
[BlackFideId "5043131"]
[EventDate "2019.03.19"]

1. d4 d5 2. c4 c6 3. cxd5 cxd5 4. Bf4 Nc6 5. e3 Nf6 6. Nc3 a6 7. Bd3 Bg4 8. f3
Bh5 9. Nge2 e6 10. h4 Bg6 11. Kf2 Bxd3 12. Qxd3 Rc8 13. Rac1 Be7 14. g4 Nd7 15.
h5 h6 16. Kg2 Nb6 17. e4 O-O 18. e5 Nc4 19. b3 Nb4 20. Qd1 Nb2 21. Qd2 N2d3 22.
Rcd1 Nxf4+ 23. Qxf4 f6 24. exf6 Rxf6 25. Qd2 Bd6 26. f4 Qc7 27. a3 Nc6 28. Rhf1
Rcf8 29. f5 Qf7 30. Nf4 Bxf4 31. Rxf4 exf5 32. Rdf1 Qe6 33. Re1 Qd6 34. gxf5
Rxf5 35. Rxf5 Rxf5 36. Re8+ Kf7 37. Qe3 Rg5+ 38. Kf1 Qf6+ 39. Ke1 Nxd4 40. Kd2
Rg2+ 41. Kd3 Nc2 42. Nxd5 Qf1+ 0-1

[Event "PRO League KO Stage 2019"]
[Site "chess.com INT"]
[Date "2019.03.26"]
[Round "2"]
[White "Nyzhnyk, Illya"]
[Black "So, Wesley"]
[Result "0-1"]
[WhiteTitle "GM"]
[BlackTitle "GM"]
[WhiteElo "2638"]
[BlackElo "2762"]
[WhiteTeam "Webster Windmills"]
[BlackTeam "Saint Louis Arch Bishops"]
[WhiteFideId "14118084"]
[BlackFideId "5202213"]
[EventDate "2019.03.19"]

1. d4 Nf6 2. c4 g6 3. Nf3 Bg7 4. g3 c5 5. Bg2 cxd4 6. Nxd4 O-O 7. O-O Nc6 8. Nc3
Qa5 9. Nb3 Qh5 10. c5 a5 11. Na4 d6 12. Nb6 Ra6 13. Nxc8 Rxc8 14. cxd6 exd6 15.
a4 Rb6 16. h3 Qe5 17. Be3 Ra6 18. Rc1 Raa8 19. Rc2 d5 20. Bf4 Qe7 21. Rc5 Nb4
22. Rxa5 Rxa5 23. Nxa5 Rc2 24. Bd2 Rc7 25. Bc3 Na2 26. Bxf6 Bxf6 27. Qxd5 Nc1
28. Nxb7 Nxe2+ 29. Kh1 Bxb2 30. a5 Bd4 31. a6 Rd7 32. Qc4 Rc7 33. Qd3 Rc3 34.
Qd2 Rxg3 35. fxg3 Nxg3+ 36. Kh2 Qe5 37. Rf4 Ne2 38. Qxe2 Qxe2 39. Re4 Be5+ 40.
Kg1 Qd1+ 41. Bf1 Bd4+ 42. Kg2 Ba7 43. Be2 Qd5 44. Bf3 Qd2+ 45. Be2 Kg7 46. h4
Qc1 47. Nd6 Qg1+ 48. Kh3 Qh1+ 49. Kg3 Bb8 50. Rd4 Qg1+ 0-1

[Event "PRO League KO Stage 2019"]
[Site "chess.com INT"]
[Date "2019.03.26"]
[Round "2"]
[White "Bloomer, Josh"]
[Black "Robson, Ray"]
[Result "0-1"]
[BlackTitle "GM"]
[WhiteElo "1950"]
[BlackElo "2667"]
[WhiteTeam "Saint Louis Arch Bishops"]
[BlackTeam "Webster Windmills"]
[WhiteFideId "2020416"]
[BlackFideId "2023970"]
[EventDate "2019.03.19"]

1. d4 d5 2. c4 c6 3. Nf3 Nf6 4. e3 Bg4 5. h3 Bh5 6. Qb3 Qb6 7. Nc3 e6 8. Bd2
Nbd7 9. Rc1 Be7 10. cxd5 exd5 11. Qxb6 axb6 12. Ne5 Nxe5 13. dxe5 Nd7 14. g4 Bg6
15. f4 h5 16. g5 b5 17. a3 Nc5 18. Rd1 Nb3 19. e4 Nxd2 20. Kxd2 dxe4 21. Bg2 b4
22. axb4 Bxb4 23. Rhe1 Rd8+ 24. Kc1 Rxd1+ 25. Kxd1 Bf5 26. h4 Ke7 27. Bxe4 Rd8+
28. Kc2 Ke6 29. Kb3 Rd4 30. Bxf5+ Kxf5 31. Ra1 Bxc3 32. bxc3 Rxf4 33. Ra7 Rxh4
34. Rxb7 Ke6 35. Rc7 Rg4 36. Rxc6+ Kxe5 37. Rc5+ Kd6 38. Ra5 h4 39. c4 h3 40.
Ra6+ Kc5 41. Ra5+ Kb6 42. Ra1 Rxg5 43. Rh1 Rh5 44. Rh2 Kc5 45. Kc3 g5 0-1

[Event "PRO League KO Stage 2019"]
[Site "chess.com INT"]
[Date "2019.03.26"]
[Round "2"]
[White "Grabinsky, Joshua"]
[Black "Caruana, Fabiano"]
[Result "0-1"]
[WhiteTitle "CM"]
[BlackTitle "GM"]
[WhiteElo "2078"]
[BlackElo "2828"]
[WhiteTeam "Webster Windmills"]
[BlackTeam "Saint Louis Arch Bishops"]
[WhiteFideId "30919754"]
[BlackFideId "2020009"]
[EventDate "2019.03.19"]

1. e4 c5 2. Nf3 d6 3. d4 cxd4 4. Nxd4 Nf6 5. Nc3 a6 6. h3 e5 7. Nde2 h5 8. g3
Be6 9. Bg2 Nbd7 10. Be3 Be7 11. O-O Rc8 12. Nd5 Nxd5 13. exd5 Bf5 14. Rc1 Nf6
15. c4 O-O 16. Qb3 Qd7 17. Kh2 Be4 18. f4 Bxg2 19. Kxg2 Ne4 20. Qd3 f5 21. Nc3
Nxc3 22. Rxc3 h4 23. Bf2 Bf6 24. Rc2 e4 25. Qe2 hxg3 26. Bxg3 b5 27. Rfc1 bxc4
28. Rxc4 Rxc4 29. Rxc4 Qb5 30. Rc2 Qxd5 31. b3 Qb5 32. Qxb5 axb5 33. Rd2 Ra8 34.
a4 bxa4 35. bxa4 Ra6 36. Rd5 Kf7 37. Rxf5 Rxa4 38. Rb5 Ra2+ 39. Kf1 e3 40. Rb3
Bd4 41. Rd3 Bc5 42. Be1 e2+ 43. Kg2 Ra1 44. Bh4 e1=Q 45. Bxe1 Rxe1 46. Kf3 Kf6
47. Kg4 Re3 48. Rd5 g6 49. h4 Re1 50. Kg3 Ke6 51. Rd2 Kf5 52. Rd5+ Ke4 53. Rd2
Rg1+ 54. Kh2 Rg4 55. Kh3 Rxf4 56. Rg2 Rf3+ 57. Kg4 Be3 58. Ra2 Rf4+ 59. Kg3 d5
60. Ra6 Rf1 61. Re6+ Kd3 62. Kg2 Rg1+ 63. Kf3 d4 64. Ra6 Rf1+ 65. Kg4 Ke2 66.
Kh3 Kf3 67. Ra2 Rh1+ 68. Rh2 Rxh2+ 69. Kxh2 d3 70. h5 d2 71. h6 d1=Q 72. h7 Bf4+
73. Kh3 Qh1# 0-1

[Event "PRO League KO Stage 2019"]
[Site "chess.com INT"]
[Date "2019.03.26"]
[Round "2"]
[White "Theodorou, Nikolas"]
[Black "Shimanov, Aleksandr"]
[Result "1-0"]
[WhiteTitle "IM"]
[BlackTitle "GM"]
[WhiteElo "2551"]
[BlackElo "2613"]
[WhiteTeam "Saint Louis Arch Bishops"]
[BlackTeam "Webster Windmills"]
[WhiteFideId "4262875"]
[BlackFideId "4198603"]
[EventDate "2019.03.19"]

1. e4 c6 2. Nf3 d5 3. d3 dxe4 4. dxe4 Qxd1+ 5. Kxd1 Nd7 6. Nfd2 e5 7. f3 Bd6 8.
a4 Ngf6 9. c3 O-O 10. Kc2 Bc7 11. Nb3 Rd8 12. Na3 b6 13. Be3 Nf8 14. Be2 Ne6 15.
Rhd1 Rxd1 16. Rxd1 Kf8 17. Nc1 Ke7 18. Nd3 Nd7 19. Nb4 Nb8 20. Nc4 Bd7 21. b3 f6
22. g3 Be8 23. Kb2 Bf7 24. h4 h6 25. Bf1 Nf8 26. f4 Nfd7 27. Bh3 Be8 28. Nd3 b5
29. axb5 cxb5 30. Na3 a6 31. Nb4 Bf7 32. Nc6+ Ke8 33. Nxb8 Nxb8 34. Bc8 exf4 35.
gxf4 Bh5 36. Rd2 a5 37. Nxb5 Bd8 38. Bb7 1-0

[Event "PRO League KO Stage 2019"]
[Site "chess.com INT"]
[Date "2019.03.26"]
[Round "2"]
[White "Robson, Ray"]
[Black "Theodorou, Nikolas"]
[Result "1-0"]
[WhiteTitle "GM"]
[BlackTitle "IM"]
[WhiteElo "2667"]
[BlackElo "2551"]
[WhiteTeam "Webster Windmills"]
[BlackTeam "Saint Louis Arch Bishops"]
[WhiteFideId "2023970"]
[BlackFideId "4262875"]
[EventDate "2019.03.19"]

1. e4 e5 2. Nf3 Nc6 3. Bb5 Nf6 4. d3 Bc5 5. Bxc6 dxc6 6. O-O Nd7 7. c3 O-O 8. d4
Bd6 9. Bg5 Qe8 10. Re1 f6 11. Bh4 Kh8 12. Nbd2 Qh5 13. Bg3 exd4 14. Bxd6 cxd6
15. Nxd4 Qxd1 16. Raxd1 Nb6 17. b3 a5 18. a4 Kg8 19. c4 Bd7 20. Nf1 Rad8 21. Ne3
g6 22. f3 Bc8 23. Rd2 Rfe8 24. Ndc2 Nd7 25. Kf2 Nc5 26. Rb1 f5 27. exf5 gxf5 28.
g3 Kf7 29. Ng2 Be6 30. Nd4 Kf6 31. Nf4 Bf7 32. Nde2 Rd7 33. Nd3 Ne4+ 34. fxe4
fxe4 35. Nc5 e3+ 36. Kf1 exd2 37. Nxd7+ Ke7 38. Nb6 Kd8 39. Rd1 Kc7 40. Rxd2
Kxb6 41. Rxd6 Bg6 42. Kf2 Re7 43. Nf4 Bc2 44. Rd2 Bf5 45. h3 Kc5 46. g4 Bb1 47.
Rb2 Be4 48. Re2 Kd4 49. Kg3 Re5 50. h4 Kc3 51. Re3+ Kd2 52. Kf2 Kc1 53. g5 Kd2
54. Re2+ Kc3 55. Re3+ Kd4 56. Ne2+ Kc5 57. Ng3 Kd4 58. Rxe4+ Rxe4 59. Nxe4 Kxe4
60. Kg3 Ke5 61. Kg4 Kd4 62. h5 Kc3 63. g6 hxg6 64. hxg6 1-0

[Event "PRO League KO Stage 2019"]
[Site "chess.com INT"]
[Date "2019.03.26"]
[Round "2"]
[White "Shimanov, Aleksandr"]
[Black "Bloomer, Josh"]
[Result "1-0"]
[WhiteTitle "GM"]
[WhiteElo "2613"]
[BlackElo "1950"]
[WhiteTeam "Webster Windmills"]
[BlackTeam "Saint Louis Arch Bishops"]
[WhiteFideId "4198603"]
[BlackFideId "2020416"]
[EventDate "2019.03.19"]

1. Nf3 d5 2. g3 Bg4 3. Bg2 Nd7 4. c4 c6 5. b3 Ngf6 6. Bb2 e6 7. O-O Be7 8. d3
O-O 9. Nbd2 a5 10. a3 Qc7 11. Rc1 Rfe8 12. Rc2 Rad8 13. Qa1 Bd6 14. h3 Bh5 15.
Re1 Bg6 16. Nh4 Be5 17. Nxg6 Bxb2 18. Qxb2 hxg6 19. b4 axb4 20. axb4 Ra8 21. b5
Qd6 22. Rb1 Ra7 23. Rbc1 c5 24. d4 b6 25. Nb3 Rc8 26. cxd5 Nxd5 27. dxc5 Nxc5
28. Nxc5 Rxc5 29. Rxc5 bxc5 30. Rd1 Qb6 31. Bxd5 exd5 32. Rxd5 Ra5 33. Qe5 Qxb5
34. Rd8+ Kh7 35. Qe7 Ra1+ 36. Kh2 Qc4 37. Qe8 g5 38. Qg8+ Kh6 39. Rd6+ 1-0

[Event "PRO League KO Stage 2019"]
[Site "chess.com INT"]
[Date "2019.03.26"]
[Round "2"]
[White "So, Wesley"]
[Black "Grabinsky, Joshua"]
[Result "1-0"]
[WhiteTitle "GM"]
[BlackTitle "CM"]
[WhiteElo "2762"]
[BlackElo "2078"]
[WhiteTeam "Saint Louis Arch Bishops"]
[BlackTeam "Webster Windmills"]
[WhiteFideId "5202213"]
[BlackFideId "30919754"]
[EventDate "2019.03.19"]

1. Nf3 Nf6 2. c4 e6 3. g3 d5 4. Bg2 Be7 5. O-O O-O 6. d4 dxc4 7. Qc2 a6 8. a4
Bd7 9. Qxc4 Bc6 10. Bf4 Bd6 11. Nc3 Nbd7 12. a5 Bxf4 13. gxf4 Ne4 14. Qd3 Ndf6
15. e3 Nxc3 16. Qxc3 Ne4 17. Qc2 f5 18. Ne5 Bd5 19. Rac1 Rc8 20. f3 Nf6 21. Kh1
c5 22. dxc5 Qxa5 23. e4 Bc6 24. Qc4 Rfe8 25. Nxc6 Rxc6 26. exf5 Kh8 27. Rfe1
exf5 28. Rxe8+ Nxe8 29. b4 Qd8 30. Qf7 Nf6 31. Qxb7 Re6 32. c6 Qd2 33. Rf1 Qc2
34. c7 Rc6 35. Bh3 Rxc7 36. Qxa6 Qc4 37. Qxc4 Rxc4 38. Rb1 Rc6 39. Bxf5 Rb6 40.
Be4 Kg8 41. b5 Kf7 42. Kg1 Ke6 43. Kf2 Kd6 44. Bc6 Kc5 45. Rc1+ Kd4 46. Rd1+ Kc5
47. Rc1+ Kd4 48. Re1 Kc5 49. Re7 g6 50. Rf7 Nh5 51. f5 gxf5 52. Rxf5+ 1-0

[Event "PRO League KO Stage 2019"]
[Site "chess.com INT"]
[Date "2019.03.26"]
[Round "2"]
[White "Caruana, Fabiano"]
[Black "Nyzhnyk, Illya"]
[Result "0-1"]
[WhiteTitle "GM"]
[BlackTitle "GM"]
[WhiteElo "2828"]
[BlackElo "2638"]
[WhiteTeam "Saint Louis Arch Bishops"]
[BlackTeam "Webster Windmills"]
[WhiteFideId "2020009"]
[BlackFideId "14118084"]
[EventDate "2019.03.19"]

1. e4 e6 2. d4 d5 3. Nc3 Nf6 4. e5 Nfd7 5. f4 c5 6. Nf3 Nc6 7. Be3 Be7 8. Qd2
O-O 9. dxc5 Nxc5 10. O-O-O a6 11. h4 b5 12. Bd3 b4 13. Bxc5 Bxc5 14. Na4 Ba7 15.
Qe2 f5 16. g4 Ne7 17. Ng5 Qe8 18. b3 h6 19. Kb1 hxg5 20. hxg5 Ng6 21. Qf3 Bd7
22. Qh3 Kf7 23. gxf5 exf5 24. Bxf5 Bxf5 25. Qxf5+ Ke7 26. Qd3 Nxf4 27. Qxa6 Qd7
28. e6 Nxe6 29. Qd3 Bf2 30. Rh7 Qa7 31. g6 Qd4 32. Qe2 Qe4 33. Qd2 Be3 34. Qe1
Rac8 35. Rd3 Bh6 36. Qd1 Rf2 37. Nb6 Rcxc2 38. Rxh6 Rb2+ 39. Ka1 Rxa2+ 40. Kb1
Rfb2+ 41. Kc1 Qf4+ 42. Qd2 Qc7+ 43. Qc3 Qxc3+ 44. Rxc3 bxc3 45. Nxd5+ Kd6 0-1

[Event "PRO League KO Stage 2019"]
[Site "chess.com INT"]
[Date "2019.03.27"]
[Round "2"]
[White "So, Wesley"]
[Black "Robson, Ray"]
[Result "1/2-1/2"]
[WhiteTitle "GM"]
[BlackTitle "GM"]
[WhiteElo "2762"]
[BlackElo "2667"]
[WhiteTeam "Saint Louis Arch Bishops"]
[BlackTeam "Webster Windmills"]
[WhiteFideId "5202213"]
[BlackFideId "2023970"]
[EventDate "2019.03.19"]

1. e4 e5 2. Nf3 Nc6 3. Bb5 Nf6 4. d3 Bc5 5. Bxc6 dxc6 6. Nbd2 Be6 7. O-O Nd7 8.
Nb3 Bb6 9. Ng5 Bxb3 10. axb3 Qe7 11. Qh5 h6 12. Nf3 O-O-O 13. Nd2 a6 14. Nc4 Ba7
15. Be3 Bxe3 16. fxe3 f6 17. Qf5 Kb8 18. d4 exd4 19. exd4 Rhe8 20. Rae1 c5 21.
dxc5 Qxc5+ 22. Qxc5 Nxc5 23. e5 fxe5 24. Nxe5 Kc8 25. b4 Na4 26. Nd3 Rxe1 27.
Rxe1 Nb6 28. Kf2 Nd5 29. Re5 b6 30. Kf3 Rf8+ 31. Ke4 Nf6+ 32. Kd4 Rd8+ 33. Kc3
Ng4 34. Re7 Rd7 35. Re8+ Rd8 36. Re7 Rd7 37. Re8+ Rd8 38. Re7 1/2-1/2

[Event "PRO League KO Stage 2019"]
[Site "chess.com INT"]
[Date "2019.03.27"]
[Round "2"]
[White "Nyzhnyk, Illya"]
[Black "Bloomer, Josh"]
[Result "1-0"]
[WhiteTitle "GM"]
[WhiteElo "2638"]
[BlackElo "1950"]
[WhiteTeam "Webster Windmills"]
[BlackTeam "Saint Louis Arch Bishops"]
[WhiteFideId "14118084"]
[BlackFideId "2020416"]
[EventDate "2019.03.19"]

1. d4 Nf6 2. Nf3 d5 3. Bf4 e6 4. e3 Bd6 5. c3 O-O 6. Nbd2 c5 7. Bg3 Qc7 8. Ne5
b6 9. Bd3 Bb7 10. Qf3 Nbd7 11. Nxd7 Nxd7 12. Bxd6 Qxd6 13. Qh3 g6 14. Nf3 e5 15.
Bb5 Bc8 16. Bxd7 Bxd7 17. Qg3 cxd4 18. exd4 f6 19. O-O Rae8 20. Rfe1 Bf5 21.
dxe5 fxe5 22. Rxe5 Rxe5 23. Qxe5 Qxe5 24. Nxe5 Re8 25. Re1 Kg7 26. f3 Rc8 27. g4
Bc2 28. Kf2 Ba4 29. Nd3 Rc7 30. Nf4 Rd7 31. Ne6+ Kf7 32. Nd4 Rc7 33. Re5 Rc5 34.
Ne6 Rc8 35. Ng5+ Kf6 36. Rxd5 h6 37. Ne4+ Kg7 38. Rd4 Bc2 39. Rd7+ 1-0